000 00574nam a2200193Ia 4500
003 GCL
008 140319s9999 xx 000 0 ara d
040 _aGCL /
_cGCL
082 0 4 _a813
_bا ا
100 1 _aابراهيم عبدالمجيد
245 1 0 _aالصياد واليمامة /
_cابراهيم عبدالمجيد
260 _a[S.N] :
_bدار المستقبل ،
_c1985
300 _a91ص
490 _a
650 0 4 _aالادب العربى
650 0 4 _aالقصص العربية
650 0 4 _aالقصص العربية القصيرة
942 _2ddc
_cBK
999 _c28116
_d28116